[Event "Khmelnitsky op"]
[Site "Khmelnitsky"]
[Date "2009.??.??"]
[Round "5"]
[White "Grigoriv, Mikhail"]
[Black "Budnikov, Oleg"]
[Result "1/2-1/2"]
[WhiteElo "2305"]
[BlackElo "2410"]
[PlyCount "119"]
[EventDate "2009.??.??"]
[EventType "swiss"]
[EventRounds "9"]
[EventCountry "UKR"]
[SourceTitle "EXT 2011"]
[Source "ChessBase"]
[SourceDate "2010.11.26"]
[SourceVersion "1"]
[SourceVersionDate "2010.11.26"]
[SourceQuality "1"]

1. e4 c5 2. Nf3 d6 3. d4 cxd4 4. Nxd4 Nf6 5. Nc3 Nc6 6. Bg5 e6 7. Qd2 a6 8. 0-0-0 h6 9. Be3 Bd7 10. f3 b5 11. Nxc6 Bxc6 12. Ne2 Be7 13. Nd4 Bb7 14. Bd3 Qc7 15. Kb1 Nd7 16. g4 Ne5 17. h4 h5 18. gxh5 Rxh5 19. Bg5 0-0-0 20. Rhg1 Kb8 21. f4 Nxd3 22. cxd3 Bxg5 23. Rxg5 Rxg5 24. hxg5 Qb6 25. Nb3 d5 26. e5 d4 27. Qb4 Bd5 28. Rc1 Bxb3 29. axb3 Qb7 30. Qc5 g6 31. b4 Rd7 32. Qf8+ Ka7 33. Qc8 Qb6 34. Qf8 Rc7 35. Rxc7+ Qxc7 36. Ka2 Kb6 37. Ka3 Kb7 38. Qe8 Ka7 39. Qf8 Qd7 40. Qc5+ Kb7 41. b3 Qd8 42. Kb2 Kb8 43. Kc2 Kb7 44. Kd2 Qe8 45. Ke2 Qh8 46. Qe7+ Ka8 47. Qxf7 Qh2+ 48. Kd1 Qg1+ 49. Ke2 Qg2+ 50. Ke1 Qg3+ 51. Kd2 Qe3+ 52. Kc2 Qe2+ 53. Kc1 Qe1+ 54. Kb2 Qc3+ 55. Ka2 Qc8 56. Qxg6 Ka7 57. Qh7+ Kb6 58. Qe7 Qc2+ 59. Ka3 Qb1 60. Qxe6+ 1/2-1/2

[Event "Khmelnitsky op"]
[Site "Khmelnitsky"]
[Date "2009.??.??"]
[Round "8"]
[White "Shevchuk, Dmytro"]
[Black "Grigoriv, Mikhail"]
[Result "0-1"]
[WhiteElo "1865"]
[BlackElo "2305"]
[PlyCount "75"]
[EventDate "2009.??.??"]
[EventType "swiss"]
[EventRounds "9"]
[EventCountry "UKR"]
[SourceTitle "EXT 2011"]
[Source "ChessBase"]
[SourceDate "2010.11.26"]
[SourceVersion "1"]
[SourceVersionDate "2010.11.26"]
[SourceQuality "1"]

1. e4 c5 2. Nf3 e6 3. d4 cxd4 4. Nxd4 Nf6 5. Bd3 Nc6 6. Nb3 Qc7 7. 0-0 Be7 8. Nc3 a6 9. f4 d6 10. Qf3 0-0 11. Qh3 b5 12. Bd2 b4 13. Ne2 a5 14. Nbd4 Nxd4 15. Nxd4 Ba6 16. Rae1 Nd7 17. g4 Bf6 18. Be3 e5 19. Nf5 exf4 20. Bxf4 Be5 21. Rf3 Rfe8 22. Qh4 Bxf4 23. Rxf4 Ne5 24. Re3 Ng6 25. Qg3 Nxf4 26. Qxf4 Re5 27. g5 Bxd3 28. cxd3 Qc1+ 29. Kf2 Rc8 30. Nxd6 Rc2+ 31. Kg3 Qg1+ 32. Kh3 Qg2+ 33. Kh4 Qxh2+ 34. Qxh2 Rxh2+ 35. Kg4 Rxb2 36. Nc4 Rg2+ 37. Kf3 Rexg5 38. Kf4 0-1

[Event "UKR-chT 15th"]
[Site "Alushta"]
[Date "2008.05.25"]
[Round "6.1"]
[White "Grigoriv, Mikhail"]
[Black "Dmitrenko, Viktor"]
[Result "0-1"]
[WhiteElo "2339"]
[BlackElo "2352"]
[PlyCount "84"]
[EventDate "2008.05.21"]
[EventType "team-tourn"]
[EventRounds "9"]
[EventCountry "UKR"]
[SourceTitle "EXT 2019"]
[Source "ChessBase"]
[SourceDate "2018.10.10"]
[SourceVersion "1"]
[SourceVersionDate "2018.10.10"]
[SourceQuality "1"]
[WhiteTeam "Khmelnytskyi Podolia"]
[BlackTeam "Donetsk region"]
[WhiteTeamCountry "UKR"]
[BlackTeamCountry "UKR"]

1. Nf3 Nf6 2. g3 b5 3. Bg2 Bb7 4. 0-0 e6 5. d3 d5 6. Nbd2 Be7 7. e4 c5 8. e5 Nfd7 9. Re1 Nc6 10. c3 Qc7 11. Qe2 b4 12. c4 Nb6 13. h4 Rd8 14. b3 a5 15. Nf1 0-0 16. Bf4 a4 17. N1h2 Nd4 18. Nxd4 cxd4 19. Ng4 dxc4 20. bxc4 Bxg2 21. Kxg2 Qb7+ 22. Kg1 Nd7 23. Bg5 Nc5 24. Bxe7 Qxe7 25. f4 Rb8 26. Nf2 b3 27. axb3 axb3 28. Qb2 Rfd8 29. Ra5 Qc7 30. Qa3 Rdc8 31. Rb1 Qc6 32. Rb2 h5 33. Kh2 Ra8 34. Qb4 Rxa5 35. Qxa5 Ra8 36. Qd2 Ra1 37. Qe2 Qb7 38. Ne4 Na4 39. Rd2 b2 40. Qxh5 b1Q 41. g4 Qh1+ 42. Kg3 Rg1+ 0-1